<?xml version="1.0" encoding="UTF-8"?>
<record
    xmlns:xsi="http://www.w3.org/2001/XMLSchema-instance"
    xsi:schemaLocation="http://www.loc.gov/MARC21/slim http://www.loc.gov/standards/marcxml/schema/MARC21slim.xsd"
    xmlns="http://www.loc.gov/MARC21/slim">

  <leader>01222nam a2200349 a 4500</leader>
  <controlfield tag="001">59018</controlfield>
  <controlfield tag="003">CO-BoRNBP</controlfield>
  <controlfield tag="005">20250902145628.0</controlfield>
  <controlfield tag="007">ta</controlfield>
  <controlfield tag="008">970523t1992    ck a   jr     000 f spa  </controlfield>
  <datafield tag="020" ind1=" " ind2=" ">
    <subfield code="a">9580700648</subfield>
  </datafield>
  <datafield tag="040" ind1=" " ind2=" ">
    <subfield code="a">CO-BoBN</subfield>
    <subfield code="b">spa</subfield>
    <subfield code="c">CO-BoBN</subfield>
  </datafield>
  <datafield tag="041" ind1=" " ind2=" ">
    <subfield code="a">spa</subfield>
    <subfield code="h">fre</subfield>
  </datafield>
  <datafield tag="082" ind1="0" ind2="4">
    <subfield code="a">843.914</subfield>
    <subfield code="2">23</subfield>
  </datafield>
  <datafield tag="084" ind1=" " ind2=" ">
    <subfield code="a">N PRA3</subfield>
  </datafield>
  <datafield tag="100" ind1="1" ind2=" ">
    <subfield code="a">Pratte, Fran&#xE7;ois,</subfield>
    <subfield code="d">1958-</subfield>
    <subfield code="9">64634</subfield>
  </datafield>
  <datafield tag="245" ind1="1" ind2="3">
    <subfield code="a">El ej&#xE9;rcito rosado de Awa /</subfield>
    <subfield code="c">Fran&#xE7;ois Pratte ; ilustraciones de Suzane Langlois</subfield>
  </datafield>
  <datafield tag="250" ind1=" " ind2=" ">
    <subfield code="a">2a. edici&#xF3;n</subfield>
  </datafield>
  <datafield tag="264" ind1=" " ind2=" ">
    <subfield code="a">Medell&#xED;n, Colombia</subfield>
    <subfield code="b">Edilux</subfield>
    <subfield code="c">1992</subfield>
  </datafield>
  <datafield tag="300" ind1=" " ind2=" ">
    <subfield code="a">60 p. :</subfield>
    <subfield code="b">il. ;</subfield>
    <subfield code="c">18 cm.</subfield>
  </datafield>
  <datafield tag="336" ind1=" " ind2=" ">
    <subfield code="2">rdacontent</subfield>
    <subfield code="a">texto</subfield>
    <subfield code="b">txt</subfield>
  </datafield>
  <datafield tag="337" ind1=" " ind2=" ">
    <subfield code="2">rdamedia</subfield>
    <subfield code="a">sin mediaci&#xF3;n</subfield>
    <subfield code="b">n</subfield>
  </datafield>
  <datafield tag="338" ind1=" " ind2=" ">
    <subfield code="2">rdacarrier</subfield>
    <subfield code="a">volumen</subfield>
    <subfield code="b">nc</subfield>
  </datafield>
  <datafield tag="500" ind1=" " ind2=" ">
    <subfield code="a">Coedici&#xF3;n: Susaeta</subfield>
  </datafield>
  <datafield tag="500" ind1=" " ind2=" ">
    <subfield code="a">Incluye: datos biogr&#xE1;ficos del autor e ilustrador en prelim.</subfield>
  </datafield>
  <datafield tag="650" ind1="1" ind2="9">
    <subfield code="a">Novela infantil canadiense</subfield>
    <subfield code="2">LEMB</subfield>
    <subfield code="9">61496</subfield>
  </datafield>
  <datafield tag="650" ind1="2" ind2="9">
    <subfield code="a">Literatura infantil canadiense</subfield>
    <subfield code="y">Siglo XX</subfield>
    <subfield code="2">LEMB</subfield>
    <subfield code="9">59420</subfield>
  </datafield>
  <datafield tag="700" ind1="1" ind2=" ">
    <subfield code="a">Langlois, Suzane,</subfield>
    <subfield code="e">ilustrador</subfield>
    <subfield code="9">64635</subfield>
  </datafield>
  <datafield tag="942" ind1=" " ind2=" ">
    <subfield code="2">ddc</subfield>
    <subfield code="c">BK</subfield>
  </datafield>
  <datafield tag="949" ind1=" " ind2=" ">
    <subfield code="a">A 2260</subfield>
    <subfield code="m">D.SAMPER</subfield>
    <subfield code="l">LIB/MODER</subfield>
    <subfield code="k">LIB/MODER</subfield>
    <subfield code="t">LIBRO</subfield>
    <subfield code="x">DEP/LEGAL</subfield>
    <subfield code="z">GENERAL</subfield>
    <subfield code="r">Y</subfield>
    <subfield code="s">Y</subfield>
  </datafield>
  <datafield tag="949" ind1=" " ind2=" ">
    <subfield code="a">PA 1980</subfield>
    <subfield code="m">PRESERVACI</subfield>
    <subfield code="l">PRESERVACI</subfield>
    <subfield code="k">PRESERVACI</subfield>
    <subfield code="t">LIBRO</subfield>
    <subfield code="x">DEP/LEGAL</subfield>
    <subfield code="z">PRESERVACI</subfield>
    <subfield code="r">Y</subfield>
    <subfield code="s">Y</subfield>
  </datafield>
  <datafield tag="999" ind1=" " ind2=" ">
    <subfield code="c">59018</subfield>
    <subfield code="d">59018</subfield>
  </datafield>
  <datafield tag="952" ind1=" " ind2=" ">
    <subfield code="0">0</subfield>
    <subfield code="1">0</subfield>
    <subfield code="2">lcc</subfield>
    <subfield code="4">0</subfield>
    <subfield code="7">0</subfield>
    <subfield code="8">INF</subfield>
    <subfield code="a">MESJUANI</subfield>
    <subfield code="b">MESJUANI</subfield>
    <subfield code="c">SInf</subfield>
    <subfield code="d">2025-09-02</subfield>
    <subfield code="l">1</subfield>
    <subfield code="m">2</subfield>
    <subfield code="o">N PRA3</subfield>
    <subfield code="p">SJU02205</subfield>
    <subfield code="q">2026-04-16</subfield>
    <subfield code="r">2026-03-05 20:39:39</subfield>
    <subfield code="s">2026-03-05</subfield>
    <subfield code="t">Ej.1</subfield>
    <subfield code="w">2025-09-02</subfield>
    <subfield code="y">BKINF</subfield>
  </datafield>
</record>
